01051nam a2200229Ia 4500003000900000008004100009020001800050040001600068080002400084111005500108245024400163260005000407300002300457490003900480650002600519700003500545700003400580700003500614942000700649999001700656952014800673IN-BaIIA211028s9999 xx 000 0 eng d a1-56396-772-3 cIIA Library a520.1(082.2)bPRO-1 aCompton Symposiumn4thcVirginiad1997 Apr.922591 0aProceedings of the fourth compton symposium held in Williamsburg, Virginia, April 1997bpt. 1, the compton observatory in reviewcedited by Charles D. Dermer, Mark S. Strickman and James D. Kurfess  aNew YorkbAmerican Institute of Physicsc1997 a2v.(xxviii, 534p.) aAIP conference proceedings; v. 410 aCompton effect922592 aDermer, Charles D., ed.922593 aKurfess, James D., ed.922594 aStrickman, Mark S., ed.922595 cBK c12880d12880 00104070aBANbBANcGENd1999-02-04g17264.00l0o520.1(082.2)/ PRO-1p13797r2021-11-05v17264.00w1999-02-04yBKGRs. 17264.00/ 2 vols. set